000 00340nam a22001577a 4500
005 20160629135253.0
008 160629b xxu||||| |||| 00| 0 eng d
041 _aeng
082 _b11040
100 _abanerjee, S.S.
_93194
245 _abanerjee, S.S.
260 _bSwadesh
300 _a614
650 _aManagement
_9241
942 _cBK
999 _c4691
_d4689